Complex variables : (Record no. 592263)
[ view plain ]
| 000 -LEADER | |
|---|---|
| fixed length control field | 00733nam a22001457a 4500 |
| 003 - CONTROL NUMBER IDENTIFIER | |
| control field | NUST |
| 008 - FIXED-LENGTH DATA ELEMENTS--GENERAL INFORMATION | |
| fixed length control field | 221107b ||||| |||| 00| 0 eng d |
| 020 ## - INTERNATIONAL STANDARD BOOK NUMBER | |
| International Standard Book Number | 9788120326415 |
| 082 ## - DEWEY DECIMAL CLASSIFICATION NUMBER | |
| Classification number | 519.5,KAS |
| 100 ## - MAIN ENTRY--PERSONAL NAME | |
| Personal name | Kasana, H.S. |
| 9 (RLIN) | 56709 |
| 245 ## - TITLE STATEMENT | |
| Title | Complex variables : |
| Remainder of title | theory and application / |
| Statement of responsibility, etc. | H.S.Kasana, |
| 250 ## - EDITION STATEMENT | |
| Edition statement | 2nd Edition |
| 505 ## - FORMATTED CONTENTS NOTE | |
| Formatted contents note | Algebra of complex numbers (Page1), Analytic functions (Page-39), Elementary functions (Page-79), complex integration (Page-98), Sequence, series and products (Page-153), Series expansions (Page-188), Singularities and residues (Page-241), Sums and definite integrals (Page-295), Conformal mappings (Page-335), Laplace Trancform (Page+376), Special topics (Page-406), |
| 942 ## - ADDED ENTRY ELEMENTS (KOHA) | |
| Source of classification or shelving scheme | |
| Koha item type | Book |
| Withdrawn status | Lost status | Source of classification or shelving scheme | Damaged status | Not for loan | Permanent Location | Current Location | Shelving location | Date acquired | Total Checkouts | Full call number | Barcode | Checked out | Date last seen | Date last checked out | Price effective from | Koha item type | Public note |
|---|---|---|---|---|---|---|---|---|---|---|---|---|---|---|---|---|---|
| Military College of Signals (MCS) | Military College of Signals (MCS) | General Stacks | 11/07/2022 | 2 | 519.5,KAS | MCS38162 | 06/13/2026 | 02/13/2026 | 02/13/2026 | 11/07/2022 | Book | Almirah Fresh No.44, Shelf No.6 |
